| 000 | 03663nam a2200349 i 4500 | ||
|---|---|---|---|
| 003 | CSPC | ||
| 005 | 20260428105923.0 | ||
| 008 | 260202s2023 ph b 000 0 eng d | ||
| 020 | _a9786214092253 | ||
| 040 |
_aCSPC _beng _cCSPC _erda |
||
| 050 | 0 | 0 |
_aTX651 _b.R463 2023 |
| 082 | 0 | 4 |
_a643.3 _bR281k |
| 100 | 1 |
_aRemaneses, Nico B., _eauthor. |
|
| 245 | 1 | 0 |
_aKitchen essentials and basic food preparation / _cNico B. Remaneses, [and 4 others]. |
| 264 | 1 |
_aMandaluyong City : _bBooks Atbp. Publishing Corp., _c2023. |
|
| 300 |
_axii, 220 pages : _billustrations ; _c26 cm. |
||
| 336 |
_2rdacontent _atext |
||
| 337 |
_2rdamedia _aunmediated |
||
| 338 |
_2rdacarrier _avolume |
||
| 504 | _aIncludes bibliographical references. | ||
| 505 | 0 | _aIntroduction to kitchen essentials and basic food preparation -- Knife cut -- Stocks, soups, heat transfer, egg cookery -- Salad, sandwich and dressing -- Salad, seafood and basic cooking principles (deep frying) -- Basic cooking principles (dry heat method) -- Basic cooking principles: dry heat method (roasting and sauteing) -- Basic cooking principles: dry heat method (pan frying) and vegetable classification -- Basic cooking principles: (searing, broiling and barbecue), meat cookery -- Basic cooking principles: (grilling), meat cookery, butter sauces and brown sauce -- Basic cooking principles: (poaching), types of fish/ seafood cookery and classification of fruits -- Basic cooking principles: moist method (braising, stewing, boiling, simmering, steaming). | |
| 520 | _a"Welcome to this book on Kitchen Essentials and Basic Food Preparation! This is designed to provide you with a solid foundation on the fundamental skills and knowledge required for effective cooking and food preparation. Whether you are a novice in the or looking to refresh your culinary skills, this book will equip you with the necessary tools and techniques to confidently navigate the world of cooking. This book is divided into two main sections: Kitchen Essentials and Basic Food Preparation. In the Kitchen Essentials section, you will find the essential tools, utensils, and equipment needed in your kitchen. It covered what is necessary, from knives and cutting boards to pots and pans, ensuring you to have a well-stocked and functional kitchen. In addition, it discussed proper knife skills, safe food handling practices, and efficient organization techniques to make time in the kitchen more enjoyable and productive. The second section, Basic Food Preparation, delves into the core techniques and methods used in cooking. From understanding various cooking methods like sautéing, boiling, and baking to learning how to properly season and balance flavors, this section will provide you with the building blocks of culinary expertise. It also explore basic ingredient preparation, including washing, peeling, and chopping, as well as the importance of recipe reading and following instructions. Throughout the book, you will find practical tips, step-by-step instructions, and insightful explanations to help you grasp the concepts effectively"-- Preface of the book. | ||
| 650 | 1 |
_aKitchen utensils _xHandbooks, manuals etc. |
|
| 650 | 1 |
_aFood industry and trade _xHandbooks, manuals etc. |
|
| 650 | 1 |
_aCooking _xHandbooks, manuals etc. |
|
| 700 | 1 |
_aCastillo, Kim Marie, _eauthor. |
|
| 700 | 1 |
_aRivera, Rosszen Yorkah N., _eauthor. |
|
| 700 | 1 |
_aBartolata, Ivan L., _eauthor. |
|
| 700 | 1 |
_aCelis, Mark Irvin C., _eauthor. |
|
| 942 |
_2ddc _n0 _cBK _h643.3 _iR281k _kFIL _m2023 |
||
| 999 |
_c31649 _d31649 |
||